| 000 | 00480nam a2200217Ia 4500 | ||
|---|---|---|---|
| 008 | 210210b1953 xxu||||| |||| 00| 0 eng d | ||
| 041 | _aeng | ||
| 082 | _a825/1007 | ||
| 100 | _aBULLOUGH | ||
| 245 | _aEssays and studies new series 6 1953 | ||
| 260 |
_aLondon _bJohn Murray _c1953 |
||
| 650 | _astudies | ||
| 650 | _aseries | ||
| 650 | _anew | ||
| 650 | _aEssays | ||
| 650 | _aand | ||
| 650 | _a6 | ||
| 650 | _a1953 | ||
| 690 | _aEnglish Criticism | ||
| 906 | _a015323 | ||
| 999 |
_c134683 _d134683 |
||